| 000 | 00499nam a2200169Ia 4500 | ||
|---|---|---|---|
| 003 | OSt | ||
| 005 | 20210913141744.0 | ||
| 008 | 190216s9999||||xx |||||||||||||| ||und|| | ||
| 040 | _coclc | ||
| 082 |
_a 297.124 _bALS/M |
||
| 100 |
_aAl Sabuni, Muhammed Ali _98839 |
||
| 245 | 0 |
_aMukhtasaru Tafsir Ibn Kathir / _cMuhammed Ali Al Sabuni |
|
| 260 |
_bDarul Qur`An Ul Kareem, _aBairouth: |
||
| 300 | _a642p | ||
| 650 | _aArabic | ||
| 942 |
_cBK _2ddc _h297.124 _iALS/M _k297.124 _mALS/M |
||
| 999 |
_c208 _d208 |
||